Tennis: most recent grand slam title defense - Statistics

General Stats
  • This quiz has been taken 154 times
    75 since last reset
  • The average score is 8 of 8
Answer Stats
Title Year Winner % Correct
French Open (M) 2025 Carlos Alcaraz
100%
Wimbledon (M) 2024 Carlos Alcaraz
100%
Australian Open (M) 2025 Jannik Sinner
100%
U.S. Open (M) 2008 Roger Federer
96%
Australian Open (W) 2024 Aryna Sabalenka
94%
U.S. Open (W) 2025 Aryna Sabalenka
94%
French Open (W) 2024 Iga Swiatek
88%
Wimbledon (W) 2016 Serena Williams
88%
No matching quizzes found
Score Distribution
Percent of People with Each Score
Percentile by Number Answered
Your Score History
You have not taken this quiz since the last reset